Basic rules of the Geneva conventions and their additional protocals (Record no. 16411)
[ view plain ]
| 000 -LEADER | |
|---|---|
| fixed length control field | 00431nam a22001337a 4500 |
| 008 - FIXED-LENGTH DATA ELEMENTS--GENERAL INFORMATION | |
| fixed length control field | 170628b xxu||||| |||| 00| 0 eng d |
| 040 ## - CATALOGING SOURCE | |
| Original cataloging agency | KABU |
| Transcribing agency | KABU |
| 050 ## - LIBRARY OF CONGRESS CALL NUMBER | |
| Classification number | KZ6462 |
| Item number | .G46B37 C.1 |
| 245 ## - TITLE STATEMENT | |
| Title | Basic rules of the Geneva conventions and their additional protocals |
| 260 ## - PUBLICATION, DISTRIBUTION, ETC. (IMPRINT) | |
| Place of publication, distribution, etc. | Switzerland |
| Name of publisher, distributor, etc. | ICRC |
| 300 ## - PHYSICAL DESCRIPTION | |
| Extent | 63 p. |
| 650 ## - SUBJECT ADDED ENTRY--TOPICAL TERM | |
| Topical term or geographic name as entry element | Legal victims |
| Form subdivision | Legal status, laws |
| 942 ## - ADDED ENTRY ELEMENTS (KOHA) | |
| Source of classification or shelving scheme | Library of Congress Classification |
| Koha item type | General Collection |
| Classification part | KZ6462 .G46B37 C.1 |
| Withdrawn status | Lost status | Source of classification or shelving scheme | Not for loan | Home library | Current library | Shelving location | Date acquired | Cost, normal purchase price | Total Checkouts | Full call number | Barcode | Date last seen | Date last checked out | Copy number | Price effective from | Koha item type |
|---|---|---|---|---|---|---|---|---|---|---|---|---|---|---|---|---|
| Library of Congress Classification | Kabarak, Main Campus | Kabarak, Main Campus | General Stacks | 28/06/2017 | 0.00 | 6 | KZ6462 .G46B37 C.1 | 021754 | 26/11/2019 | 29/10/2019 | C.1 | 28/06/2017 | General Collection |